El delito ecológico
Saved in:
| Hovedforfatter: | |
|---|---|
| Format: | Bog |
| Sprog: | spansk |
| Udgivet: |
Madrid
Colex
1994
|
| Udgivelse: | 2a. ed |
| Serier: | Biblioteca Jurídica de Bolsillo, 1
|
| Fag: | |
| Tags: |
Tilføj Tag
Ingen Tags, Vær først til at tagge denne postø!
|
MARC
| LEADER | 00000nam a2200000 a 4500 | ||
|---|---|---|---|
| 001 | UCS3539 | ||
| 003 | CL-VaPUC | ||
| 008 | 970704e19940000SP |||||||||||||||||spa|d | ||
| 082 | 0 | 4 | |a 344.046 |b VEG |2 21 |
| 100 | |a Vega Ruíz, José Augusto de |e autor |9 389691 | ||
| 245 | 1 | 3 | |a El delito ecológico |
| 250 | |a 2a. ed | ||
| 300 | |a 138 p | ||
| 942 | |c BK | ||
| 945 | |d 19970704 00:00:00 |a rleighto | ||
| 260 | |a Madrid |b Colex |c 1994 | ||
| 650 | 0 | |a Medio ambiente |9 257625 | |
| 650 | 7 | |a LEGISLACION |2 CL-VaPUC |9 389692 | |
| 650 | 7 | |a JURISDICCION PENAL |2 CL-VaPUC |9 255635 | |
| 583 | |a last modification |c 19970704 00:00:00 |k Rodrigo Vera | ||
| 490 | 0 | |a Biblioteca Jurídica de Bolsillo, 1 | |
| 999 | |c 261202 |d 261200 | ||
| 952 | |0 0 |1 0 |4 0 |6 344_046000000000000_VEG_1994 |7 0 |8 A |9 288448 |a BIBDER |b BIBDER |d 2019-11-19 |i 3321347 |o 344.046 VEG 1994 |p 3321347 |r 2023-01-25 |w 2019-11-19 |y BK |k DER | ||